• 首页
  • 本馆介绍
  • 公告通知
  • 最新文献
  • 馆藏检索
  • 电子资源
  • 读者导购
  • 参考咨询
  • 我的图书馆
  • 登录
  • 详细信息显示
  • 放入我的书架
  • 预约/预借图书
  • 作者相关作品
  • 分类相关作品
  • 丛书相关作品
  • 出版社相关作品

书目信息

  • 表格格式
  • 工作单格式
  • 卡片格式
题名:
达尔文的疑问
    
 
作者: 梅尔 著 ;周妮娅 , 蔡颖 , 何悦 译
分册:  
出版信息: 重庆   重庆出版社  2016
页数: 393页
开本: 24cm
丛书名: 科学可以这样看丛书
单 册:
中图分类: Q111.2 , Q111
科图分类:
主题词: 达尔文学说--研究 , 进化论--研究 , 达尔文学说--研究 , 进化论--研究
电子资源:
ISBN: 978-7-229-10278-4
000 01346nam0 2200349 450
001 5837
001 01XX12781081@CSLN
005 20161214092222.04
010    @a978-7-229-10278-4@b平装@dCNY59.80
100    @a20160831d2016 em y0chiy50 ea
101 1  @achi@ceng
102    @aCN@b500000
105    @aa z 000yy
200 1  @a达尔文的疑问@9da er wen de yi wen@dDarwin's doubt@e动物生命的爆发性起源与智能设计@zeng@f(美)斯蒂芬·C. 迈耶(Stephen C. Meyer)著@g周妮娅,蔡颖,何悦译
210    @a重庆@c重庆出版社@d2016
215    @a393页@c照片,图@d24cm
225 1  @a科学可以这样看丛书
330    @a本书引用了近现代世界范围内一百多位生物学家的对话,重点阐述了自然选择与随机突变在生物进化史中的不确定性以及智能设计理论的合理性,向传统达尔文进化论提出挑战,探索生物进化之谜。
510 1  @aDarwin's doubt@zeng
517 1  @a动物生命的爆发性起源与智能设计@9dong wu sheng ming de bao fa xing qi yuan yu zhi neng she ji
606 0  @a达尔文学说@x研究
606 0  @a进化论@x研究
606    @a达尔文学说@x研究
606    @a进化论@x研究
690    @aQ111.2@v5
690    @aQ111@v4
701  0 @a梅尔@9mei er@c(Meyer, Stephen C.)@c(美)@4著
702  0 @a周妮娅@9zhou ni ya@4译
702  0 @a蔡颖@9cai ying@4译
702  0 @a何悦@9he yue@4译
801  0 @aCN@b大连网信软件有限公司图书馆·11@c20161214
905    @aZUCC@dQ111.2@e189
    
    达尔文的疑问=Darwin's doubt:动物生命的爆发性起源与智能设计/(美)斯蒂芬·C. 迈耶(Stephen C. Meyer)著/周妮娅,蔡颖,何悦译.-重庆:重庆出版社,2016
    393页:照片,图;24cm.-(科学可以这样看丛书)
    
    
    ISBN 978-7-229-10278-4(平装):CNY59.80
    本书引用了近现代世界范围内一百多位生物学家的对话,重点阐述了自然选择与随机突变在生物进化史中的不确定性以及智能设计理论的合理性,向传统达尔文进化论提出挑战,探索生物进化之谜。
●
相关链接 在E读中查询图书 在五车中查询图书 在当当中查询图书 在豆瓣中查询图书


正题名:达尔文的疑问     索取号:Q111.2/189         预约/预借

序号 登录号 条形码 馆藏地/架位号 状态 备注
1 913396   209133962   第二样本阅览室/ [索取号:Q111.2/189] 在馆    
2 913397   209133971   密集书库-生命科学系/ [索取号:Q111.2/189] 在馆    
3 913398   209133980   第三借阅区/ [索取号:Q111.2/189] 在馆    
4 913399   209133999   第三借阅区/ [索取号:Q111.2/189] 在馆    
5 913400   209134006   第三借阅区/ [索取号:Q111.2/189] 在馆    
唐山师范学院图书馆 欢迎您!
大连网信软件有限公司© 版权所有